Eagles - Hotel California (Tracks) - Statistics

General Stats
  • This quiz has been taken 16 times
  • The average score is 5 of 9
Answer Stats
Track Number Track Name % Correct
1 Hotel California
100%
3 Life in the Fast Lane
80%
4 Wasted Time
60%
5 Wasted Time (Reprise)
60%
2 New Kid in Town
53%
7 Pretty Maids All in a Row
53%
8 Try and Love Again
53%
9 The Last Resort
47%
6 Victim of Love
40%
No matching quizzes found
Score Distribution
Percent of People with Each Score
Percentile by Number Answered
Your Score History
You have not taken this quiz